| 000 | 00661nam a2200181Ia 4500 | ||
|---|---|---|---|
| 008 | 160105s9999 xx 000 0 und d | ||
| 020 | _a978-2-10-053711-2 | ||
| 041 | _afre | ||
| 245 | _aAlimentary canal | ||
| 260 | _bAmerican Physiological Society | ||
| 260 | _c1968 | ||
| 490 | _aHandbook of physiology : a critical, comprehensive presentation of physiological knowledge and concepts | ||
| 500 | _aCote d'origine affectée par la BC : BC_1317 65 devient TA_349 | ||
| 654 | _xFONCTION PHYSIOLOGIQUE/ALIMENTATION/DIGESTION/APPAREIL DIGESTIF/INTESTIN/ABSORPTION DIGESTIVE | ||
| 942 | _c09 | ||
| 994 | _a111048 | ||
| 999 |
_c10908 _d38906 |
||